00846nam a2200181 a 450000100100000000500170001000800410002704000250006810000360009324500510012926000470018030000210022750000630024895201200031195201050043195201110053699900170064700001527620200929164011.0100204s2012 dr 000 0 spa d aDO-SdBNPbspacBNPHU1 aCustodio, Robertod1970-93455410aBajo la luz de la palabra /cRoberto Custodio. aSanto Domingo :bEdiciones Galaxia,c2012. a181 p. ;c22 cm. aIncluye datos biográficos del autor en la contracubierta 001054708DSaGRbGRcCTd2010-02-04iLF1l0o p15276-30r2020-06-25te. 3w2020-06-25yLFDSZPréstamo en sala 0010718PDaPDbPDcCTd2010-02-04iLF1l0o p15276-10r2020-06-25w2020-06-25yLFPDZNo se presta 0010718PDaPDbPDcCTd2010-02-04iLF1l0o p15276-20r2020-06-25te. 2w2020-06-25yLFPDZNo se presta c14842d14842